|
|
|
|
| LEADER |
00000cac a2200000 a 4500 |
| 001 |
112752 |
| 003 |
Ucuenca |
| 005 |
20230308220952.0 |
| 008 |
015011|1998 sp |||||r|||||||||||spa|| |
| 020 |
|
|
|a 84-455-0174-7
|
| 040 |
|
|
|b spa
|
| 041 |
1 |
|
|a spa
|
| 082 |
0 |
|
|a 720
|
| 100 |
1 |
|
|a Le Corbusier.
|d 1887-1965
|9 118740
|
| 245 |
|
|
|a Hacia una arquitectura
|c Le Corbusier, traducción de Josefina Martínez Alinari
|h imp
|
| 246 |
|
1 |
|a Vers une architecture
|
| 264 |
|
|
|a Barcelona
|b Ediciones Apóstrofe
|c 1998
|
| 300 |
|
|
|a 243 páginas:
|b ilu
|c 21 cm
|
| 490 |
|
|
|a Poseidón
|
| 504 |
|
|
|a incl. ref.
|
| 520 |
3 |
|
|a Lo que en su momento se consideró un texto provocador, radical y polémico se ha convertido, con el paso del tiempo, en el documento que formula por primera vez los principios de la arquitectura moderna de forma clara y sistemática.
|
| 650 |
|
0 |
|a Arquitectura
|9 234111
|
| 650 |
|
0 |
|a Arquitectura moderna
|9 6806
|
| 852 |
|
|
|a UC-CDJBV
|f Traspaso
|l 1
|m General
|p 20150115
|q 20.86
|r 2
|t 112752
|v arq
|w Arquitectura
|y 80907
|b 0
|d CDRC
|e CDRC
|g 720 SEGUNDO PISO
|z 2015-50-11
|
| 856 |
|
|
|a http://sibuc.ucuenca.edu.ec/portada/112752.jpg
|
| 942 |
|
|
|c CR
|2 ddc
|z sergio.cajamarca@ucuenca.edu.ec
|0 12
|
| 999 |
|
|
|c 135425
|d 135425
|